logo

Bir Sreshtho Munshi Abdur Rouf Library
Jhenaidah Cadet College

English at work / (Record no. 7721)

MARC details
000 -LEADER
fixed length control field 00873cam a2200301 a 4500
001 - CONTROL NUMBER
JCCL Control Number 7721
003 - CONTROL NUMBER IDENTIFIER
JCCL marc code BD-JhCC
005 - DATE AND TIME OF LATEST TRANSACTION
control field 20181007084806.0
008 - FIXED-LENGTH DATA ELEMENTS--GENERAL INFORMATION
fixed length control field 020510s2001 pl d 001 0 eng c
020 ## - INTERNATIONAL STANDARD BOOK NUMBER
International Standard Book Number 8301135107
035 ## - SYSTEM CONTROL NUMBER
system control number (BD-JhCC)7721
040 ## - CATALOGING SOURCE
Original cataloging agency CGU
Transcribing agency CGU
Modifying agency DLC
-- BD-JhCC
041 0# - LANGUAGE CODE
Language code of Book eng
-- pol
050 00 - LIBRARY OF CONGRESS CALL NUMBER
Classification number PE1115
Item number .O84 2001
082 00 - DEWEY DECIMAL CLASSIFICATION NUMBER
Classification number 423/.9185
DDC Edition number 22
Author mark and Year ENG 1956
245 10 - TITLE STATEMENT
Title English at work /
Statement of responsibility, etc Margaret M. Bryant...[et.al.]
250 ## - EDITION STATEMENT
Edition statement Wyd. 1.
260 ## - PUBLICATION, DISTRIBUTION, ETC. (IMPRINT)
Place of publication, distribution, etc New York :
Name of publisher, distributor, etc Charles Scribner's Sons,
Date of publication, distribution, etc 1956
300 ## - PHYSICAL DESCRIPTION
Pagination 518 p. ;
Dimensions 21 cm.
500 ## - GENERAL NOTE
General note Includes indexes.
650 #0 - SUBJECT ADDED ENTRY--TOPICAL TERM
Topical term or geographic name as entry element English language
General subdivision Business English
Form subdivision Dictionaries
General subdivision Polish.
650 #0 - SUBJECT ADDED ENTRY--TOPICAL TERM
Topical term or geographic name as entry element English language
Form subdivision Terms and phrases.
650 #0 - SUBJECT ADDED ENTRY--TOPICAL TERM
Topical term or geographic name as entry element Commerce
Form subdivision Dictionaries.
650 #0 - SUBJECT ADDED ENTRY--TOPICAL TERM
Topical term or geographic name as entry element Management
Form subdivision Dictionaries.
700 ## - ADDED ENTRY--PERSONAL NAME
Personal name Bryant, Margaret M.
942 ## - ADDED ENTRY ELEMENTS (KOHA)
Source of classification or shelving scheme Dewey Decimal Classification
Koha item type Books
Holdings
Source of classification or shelving scheme Damaged status Not for loan Home library Current library Shelving location Total Checkouts Full call number Barcode Date last seen Copy number Koha item type
Dewey Decimal Classification     JCC Rouf Library JCC Rouf Library General Stacks   423/.9185 ENG 1957 1057 02/13/2018 C -1 Books

JCC Library | Contacts | JCC Home

Last Update on 23 September 2017
Copyright @ 2017-2020 JCC Rouf Library
Rouf Library, Jhenidah Cadet College (JCC), Bangladesh